| 000 | 00669nam a2200193Ia 4500 | ||
|---|---|---|---|
| 003 | SISC | ||
| 005 | 20190115091648.0 | ||
| 008 | 181023s9999 xx 000 0 und d | ||
| 020 | _a9789719808022 | ||
| 100 | _aJison, John Raymond B. | ||
| 245 |
_cJohn Raymond B. Jison, John N. Ponsaran _aDiscipline and ideas in the social sciences for senior high school/ |
||
| 260 |
_aQuezon City: _bC and E Publishing, Inc. _c2018 |
||
| 300 |
_a222 pages : _billustrated ; _c25 cm. |
||
| 500 | _aIncludes bibliographical reference and index | ||
| 650 | _aApplied sociology -- social problems | ||
| 650 | _aSocial SCiences -- methodology | ||
| 942 |
_2lcc _cBK |
||
| 999 |
_c359406 _d359406 |
||